| 000 | 00730cam a22002413a 4500 | ||
|---|---|---|---|
| 001 | 24922 | ||
| 003 | PGUSA | ||
| 005 | 20140828083533.0 | ||
| 008 | 080327s2008||||xxu|||||s|||||000 1 eng d | ||
| 040 |
_aPGUSA _beng |
||
| 042 | _adc | ||
| 050 | 4 | _aPR | |
| 100 | 1 |
_aFarnol, Jeffery, _d1878-1952 |
|
| 245 | 1 | 4 |
_aThe Honourable Mr. Tawnish _h[electronic resource] / _cJeffery Farnol |
| 260 |
_bProject Gutenberg, _c2008 |
||
| 506 | _aPublic domain in the USA. | ||
| 516 | _aElectronic text | ||
| 653 | _aGreat Britain -- History -- Regency, 1800-1837 -- Fiction | ||
| 700 | 1 |
_aBrock, C. E. _q(Charles Edmund), _d1870-1938 |
|
| 830 | 0 |
_aProject Gutenberg _v24922 |
|
| 856 | 4 | 0 | _uhttp://www.gutenberg.org/ebooks/24922 |
| 942 | _cEB | ||
| 999 |
_c254177 _d254177 |
||